Ghana Dental Journal (Record no. 37387)

MARC details
000 -LEADER
fixed length control field 00374nam a2200145Ia 4500
022 ## - INTERNATIONAL STANDARD SERIAL NUMBER
ISSN 0855-5311
050 ## - CALL MARK
Classification number RK1 .G43/
245 ## - TITLE STATEMENT
Title Ghana Dental Journal
250 ## - EDITION / VOLUME STATEMENT
Edition / Volume statement Vol. 22, No. 2
260 ## - PUBLICATION, DISTRIBUTION, ETC. (IMPRINT)
Place of publication Ghana
Name of publisher Ghana Dental Association (GDA)
Year of publication 2025
300 ## - PHYSICAL DESCRIPTION
Number of Pages iv, 130 p. ill: ; 26 cm.
650 ## - SUBJECT ADDED ENTRY--TOPICAL TERM
Topical Term Dentistry--Periodicals
942 ## - ADDED ENTRY ELEMENTS (KOHA)
Koha item type Serials
Source of classification Library of Congress Classification

No items available.